| 000 | 00936nam a22002177a 4500 | ||
|---|---|---|---|
| 008 | 100617s1983 ua|||||r|||| 000 0 ara d | ||
| 082 |
_222 _a646.72 _bوف ا |
||
| 100 |
_914852 _aأبو الوفا، علي |
||
| 245 |
_aأسرار الجمال والجاذبية / _cعلي أبو الوفا |
||
| 260 |
_aالقاهرة: _bدار أخبار اليوم ، 1983 _c1983 |
||
| 300 |
_a153 ص: _bصور؛ _c19 سم |
||
| 490 |
_914838 _a ؛كتاب اليوم الطبي _v19 |
||
| 500 | _aإهداء : علاء عبد الغني | ||
| 650 |
_914853 _aالمرأة _xتجميل |
||
| 650 |
_914854 _aمستحضرات التجميل |
||
| 650 |
_914855 _aالمكياج |
||
| 650 |
_914856 _aالعطور |
||
| 650 |
_914857 _aالزينة، علم |
||
| 942 |
_2ddc _cBB |
||
| 999 |
_c14108 _d14108 |
||